000 00365nam a22001097a 4500
005 20241023092747.0
008 241023b |||||||| |||| 00| 0 eng d
245 _aIlonggo fare and festival fun this dinagyang /
260 _aPhilippines;
_bPhilippine Graphic Publishing Inc.,
_cJanuary 2020.
300 _aVolume 20, pages 8-9,
_billustration.
942 _2ddc
_cPER
999 _c22838
_d22838